Sledovanie sorpcie a desorpcie komerčného herbicídu Etazínu 50 WP na Na-, Cu-montmorillonite, nivnej a lužnej pôde

Bibliographic Details
Main Authors: Zima, Juraj, 1930- (Author), Píš, Vladimír (Author)
Format: Article
Language:Slovak
PhysicalDescription:Obr. 6. Res. slov., angl., rus., lit. 14 zázn. v slov., angl.
Subjects:

MARC

LEADER 00000nab a2200000 a 4500
001 vtls000404405
003 SK-MaSNL
005 20260304034852.0
008 120924c1987 xo 0 slo
015 |a SNBRA19rr/mm-uuuuu 
035 |a CL0404529 
040 |a SNKBUCL  |b slo  |c SNKBUCL  |e AACR2 
041 0 |a slo 
044 |a xo  |c SK 
080 |a 632.954  |2 1981 
100 1 |a Zima, Juraj,  |d 1930-  |4 aut  |9 242246 
245 1 0 |a Sledovanie sorpcie a desorpcie komerčného herbicídu Etazínu 50 WP na Na-, Cu-montmorillonite, nivnej a lužnej pôde  |c Juraj Zima, Vladimír Píš 
300 |b Obr. 6. Res. slov., angl., rus., lit. 14 zázn. v slov., angl. 
650 0 7 |a herbicídy  |2 snkbucl  |9 14852 
650 0 7 |a Etazín 50 WP (herbicíd)  |2 snkbucl  |9 1318105 
655 7 |a články zo zborníkov  |2 snkbucl  |9 166140 
700 1 |a Píš, Vladimír  |4 aut  |9 328948 
773 0 |t Acta Facultatis rerum naturalium Universitatis Comenianae. Formatio et protectio naturae 12  |d Bratislava : SPN, 1987  |g S. 95-104 
850 |a Slovenská národná knižnica v Martine  |a MTA001 
852 |a SNK  |b KIS3GCP 
958 |a RK 
958 |a NB 
992 |a RZB 
999 |c 2655352  |d 2657282